| 000 | 01006cam a2200205 a 4500 | ||
|---|---|---|---|
| 020 | _a0872627837 | ||
| 082 | 0 | 0 |
_a624.1762 _bREC _cL-39, P-185 |
| 245 | 0 | 0 |
_aRecent lifeline seismic risk studies : _bproceedings of a session sponsored by the Technical Council on Lifeline Earthquake Engineering in conjunction with the ASCE National Convention in San Francisco, California, November 5, 1990 / _cedited by Anne S. Kiremidjian. |
| 260 |
_aNew York, N.Y. : _bAmerican Society of Civil Engineers, _cc1990. |
||
| 300 |
_av, 61 p. : _bill. ; _c22 cm. |
||
| 490 | 1 | _aMonograph / Technical Council on Lifeline Earthquake Engineering ; | |
| 526 |
_a0 _b0 _c0 _d624_176200000000000_REC |
||
| 650 | 0 |
_aLifeline earthquake engineering _xCongresses. _946768 |
|
| 650 | 0 |
_aMCE _9379 |
|
| 650 | 0 |
_aPublic utilities _xEarthquake effects _xCongresses. _946769 |
|
| 650 | 0 |
_aRisk assessment _xCongresses. _946770 |
|
| 700 | 1 |
_aKiremidjian, Anne S. _946771 |
|
| 710 | 2 |
_aAmerican Society of Civil Engineers. _9702 |
|
| 942 |
_2ddc _cBK |
||
| 999 |
_c550000 _d550000 |
||